| 000 | 00396nam a2200145 a 4500 | ||
|---|---|---|---|
| 001 | 000038390 | ||
| 005 | 20201002031238.0 | ||
| 008 | 130410s2005 dr 000 0 spa d | ||
| 040 |
_aDO-SdBNP _bspa _cBNPHU |
||
| 100 | 1 |
_aMedina, Omar _925682 |
|
| 245 | 1 | 0 |
_aPara animar un corazón / _cOmar Medina. |
| 250 | _a3a ed. | ||
| 260 |
_aSanto Domingo : _bDahiana , _c2005. |
||
| 300 |
_a120 p. : ; _c21 cm. |
||
| 999 |
_c37880 _d37880 |
||